OTTO, um cão de topo (Record no. 2043)

MARC details
000 -Etiqueta do registo
Valores 00693nam a2200253 4500
010 ## - Número ISBN
ISBN 9789727933754
021 ## - Número do Depósito Legal
Código do país Portugal
Número 538691/24
100 ## - Dados gerais de processamento
Dados gerais 20260210d2025 c||y0pory50030103ba
101 ## - Língua de publicação
Língua Português
102 ## - País de publicação
País Portugal
200 ## - Titulo e menção de responsabilidade
Título próprio OTTO, um cão de topo
Primeira menção de responsabilidade Catherine Rayner
Outras menções de responsabilidade trad. Pedro Costa
-- Rev. Marta Ferreira
205 ## - Menção da edição
Edição 1ª edição
210 ## - Publicação
Local de publicação Estoril
Nome do editor Minutos de Leitura
Data de publicação 2025
215 ## - Descrição física 
Paginação / Volumes [32] p.
Outras indicações físicas il.
Dimensões 28 cm
300 ## - Notas gerais 
Texto da nota BMB-Registado
606 ## - Nome comum usado como assunto
ID Autoridade 863
Palavra de ordem Literatura Infantil
675 ## - CDU
Notação 087.5
Edição BMB
Língua por
700 ## - Autor principal (pessoa individual)
Apelido Rayner
Nome Catherine
ID Autoridade 2930
701 ## - Co-autor principal (pessoa individual)
Apelido Costa
Nome Pedro
Função Tradutor
701 ## - Co-autor principal (pessoa individual)
Apelido Ferreira
Nome Marta
Função Revisor
801 ## - Fonte de origem
País PT
Agência BMB
Regras de catalogação RPC
990 ## - Elementos KOHA
Tipo de documento Livro
Holdings
Situação do levantamento Estado Número Biblioteca de origem Código de barras Cota Permissão de empréstimo Tipo de documento Forma de aquisição
    1 Biblioteca Municipal de Borba 1993 087.5 RAY / OTT   Livro Compra
Biblioteca Municipal de Borba

Powered by Koha